000
00318nam a2200121Ia 4500
005
20251222144639.0
008
251222s9999||||xx |||||||||||||| ||spa||
082
_a
305.268.5/R31
100
_a
Reátegui, Félix
245
0
_a
Las organizaciones sociales durante el proceso de violencia
264
_b
PUCP
942
_c
LIB
999
_c
16588
_d
16588